Histoires de Stephen King - Statistiques

Statistiques générales
  • Ce quiz a été pris 102 fois
    100 depuis la dernière actualisation
  • Le résultat moyen est 12 sur 21
Statistiques - réponses
Description Roman/Nouvelle/Série % Correct
Une entité maléfique et métamorphe chasse des enfants en prenant la forme d'un clown. Ça
99%
Un écrivain est engagé pour garder un hôtel hanté du Colorado durant l'hiver. Shining
91%
Un condamné à mort possède des pouvoirs de guérison. La Ligne Verte
88%
Une mauvaise blague de lycéen tourne très mal quand il s'avère que la victime est une fille instable dotée de pouvoirs psychiques. Carrie
85%
Un cimetière magique ramène à la vie les animaux qui y sont enterrés, mais ceux-ci ne sont plus eux-mêmes. Simetierre
79%
Un lycéen achète une voiture douée de conscience. Christine
74%
À la suite d'un accident de la route, un auteur à succès est secouru par une infirmière, sa "plus fervente admiratrice". Misery
73%
Une petite ville se retrouve du jour au lendemain piégée par un champ de force invisible et impénétrable. Dôme
67%
Un gentil Saint-Bernard devient une machine à tuer après avoir été mordu par une chauve-souris. Cujo
66%
Après que l'humanité ait été dévastée par une épidémie de super-grippe, les survivants se regroupent en deux camps opposés représentant le Bien et le Mal. Le Fléau
60%
Un pistolero recherche une tour dans un monde magique qui semble perdu dans le temps. La Tour Sombre
58%
Cent adolescents doivent marcher sans s'arrêter, sous peine de se faire abattre. Marche ou crève
56%
Un homme accusé à tort du meutre de sa femme et de son amant s'échappe d'une prison avec l'aide d'un poster de pinup. Rita Hayworth et la Rédemption de Shawshank
53%
Dans le futur, un homme participe à un jeu télévisé morbide où le participant doit échapper à des tueurs à gage lancés à ses trousses. Running Man
46%
Un professeur se retrouve transporté en 1958. Il décide de se préparer à arrêter l’assassinat de John F. Kennedy en 1963. 22/11/63
44%
Un écrivain retourne dans la petite ville où il a grandit. Malheureusement, un vampire y a élu domicile. Salem
42%
Quatre garçons partent en randonnée pour retrouver le corps d'un autre enfant. Le Corps
39%
Un vaisseau spatial caché au fond d'une forêt transforme les habitants d'une ville en génies amoraux et inhumains. Les Tommyknockers
36%
Un nouveau magasin fantastique où chacun trouve ce qu'il désire sème le chaos dans une petite ville. Bazaar
34%
Après avoir écrasé une gitane avec sa voiture, un homme est victime d'une malédiction qui lui fait perdre du poids. La peau sur les os
34%
Un couple se perd dans une ville du Nebraska uniquement peuplée d'enfants qui se disent au service d'une divinité agricole. Les Enfants du maïs
18%
Aucun quiz correspondant
Distribution des résultats
% des personnes avec chaque résultat
Percentile par nombre de réponses
Votre historique - résultats
Vous n’avez pas pris ce quiz depuis la dernière actualisation